000 00610nam a2200205 a 4500
001 000018577
005 20200929165827.0
008 100511q1960 dr r 000 f spa d
020 _a2253006742
040 _aDO-SdBNP
_bspa
_cBNPHU
082 _a843.914
_bZ86f
100 1 _aZola, Émile,
_d1840-1902
_93605
245 1 3 _aLa fortune des Rougon /
_cÉmile Zola ; prefacio Armand Lanoux.
260 _aParís :
_bFasquelle,
_c1960.
300 _a435 p.
500 _aEdición de bolsillo
650 4 _aNovela francesa
_91075
650 4 _aLiteratura francesa
_91074
700 1 _aLanoux, Armand,
_epról.
_940176
999 _c18097
_d18097